GAME Programming in C/C ++ (Include CD) : (Record no. 179471)

000 -LEADER
fixed length control field 00873 a2200193 4500
003 - CONTROL NUMBER IDENTIFIER
control field Nust
005 - DATE AND TIME OF LATEST TRANSACTION
control field 20230530123936.0
020 ## - INTERNATIONAL STANDARD BOOK NUMBER
International Standard Book Number 8177223461
040 ## - CATALOGING SOURCE
Transcribing agency Nust
082 ## - DEWEY DECIMAL CLASSIFICATION NUMBER
Classification number 005.133,MAU
100 ## - MAIN ENTRY--PERSONAL NAME
Personal name Mausil Singh, Suneet
9 (RLIN) 112871
245 ## - TITLE STATEMENT
Title GAME Programming in C/C ++ (Include CD) :
Remainder of title A bieginner's Guide /
Statement of responsibility, etc. Suneet Mausil Singh
260 ## - PUBLICATION, DISTRIBUTION, ETC.
Place of publication, distribution, etc. New Delhi
Name of publisher, distributor, etc. Dream Tech
Date of publication, distribution, etc. 2003:
300 ## - PHYSICAL DESCRIPTION
Extent 384:p
505 ## - FORMATTED CONTENTS NOTE
Formatted contents note Get Programming (Page-9), Graphics in C/ C++ (Page-17), Scanning Inputs Devices (Page-25), GUI Wizard (Page-31), Animation (Page-59), TetriX (Page-81), Glutton (Page-105), Tank (Page-169), Mine Detector (Page-243), Tryster (Page-269), Chess the Drosophila of AI (Page-309),Try to Make Them (Page-347), Review & Types (Page-367), What’s Ahead (Page-377).
650 ## - SUBJECT ADDED ENTRY--TOPICAL TERM
Topical term or geographic name entry element Programming in C/C ++
9 (RLIN) 112872
651 ## - SUBJECT ADDED ENTRY--GEOGRAPHIC NAME
Geographic name (Include CD)
9 (RLIN) 8953
942 ## - ADDED ENTRY ELEMENTS (KOHA)
Source of classification or shelving scheme
Koha item type Book Bank
Holdings
Withdrawn status Lost status Source of classification or shelving scheme Damaged status Not for loan Permanent Location Current Location Shelving location Date acquired Full call number Barcode Date last seen Price effective from Koha item type Public note
          Military College of Signals (MCS) Military College of Signals (MCS) General Stacks 12/12/2016 005.133,MAU MCS30291 12/08/2016 12/12/2016 Book Almirah No.80, Shelf No.4
© 2023 Central Library, National University of Sciences and Technology. All Rights Reserved.